000 00426nam a2200181Ia 4500
999 _c19042
_d19042
003 0100
005 20190228110216.0
008 130303s9999 xx 000 0 und d
040 _cARRUPELIB
050 _aJQ1872.T67 1993
100 _aTordoff, William
_931522
245 _aGovernment and politics in Africa
_cWilliam Tordoff
250 _a4th. Edition
260 _aNew York
_bPalgrave Macmillan
_c1993
300 _axvii, 326p. ;
_c22cm.
651 _aAfrica
_xPolitics
_y1960-
_940705
942 0 0 _01
_2lcc
_cMONOGRAPH